[Event "Xtracon Chess Open 2016"]
[Site "Helsingor DEN"]
[Date "2016.07.23"]
[Round "1.80"]
[White "Jorgensen, Dennis"]
[Black "Overmark, Ole"]
[Result "1-0"]
[WhiteElo "2215"]
[BlackElo "1775"]
[WhiteFideId "1408380"]
[BlackFideId "1410776"]
[EventDate "2016.07.23"]

1. d4 Nf6 2. Nf3 c5 3. e3 g6 4. g3 Bg7 5. Bg2 O-O 6. O-O cxd4 7. exd4 d5 8. c3
Qb6 9. Qb3 Qxb3 10. axb3 Nc6 11. Nbd2 Rd8 12. Re1 e6 13. b4 b6 14. Nb3 h6 15. h3
Bb7 16. b5 Ne7 17. Bf4 Ne4 18. g4 g5 19. Bh2 Ng6 20. Bf1 Nd6 21. Ra2 Nc4 22.
Rea1 Rd7 23. Nc1 a6 24. bxa6 Bc6 25. Nd3 Rda7 26. Nb4 Be8 27. Ne1 Bf8 28. Nec2
Na5 29. Re1 Nh4 30. Re3 Nc4 31. Bxc4 dxc4 32. Bg3 Ng6 33. d5 Bc5 34. Re1 exd5
35. Nxd5 Kf8 36. Nc7 Rd8 37. Nxe8 Rxe8 38. Rxe8+ Kxe8 39. Bb8 Ra8 40. a7 Ne7 41.
Ra4 Nc6 42. Rxc4 Nxb8 43. axb8=Q+ Rxb8 44. b4 Be7 45. Rc6 f6 46. Nd4 Kd7 47. Kg2
b5 48. Ra6 Bd6 49. Ra7+ Bc7 50. Kf3 Rb6 51. Ra5 Rb8 52. Rxb5 Rxb5 53. Nxb5 Be5
54. Ke4 Ke6 55. Nd4+ Kd7 56. c4 Kc7 57. Kd5 1-0

[Event "Xtracon Chess Open 2016"]
[Site "Helsingor DEN"]
[Date "2016.07.23"]
[Round "1.81"]
[White "Kalveus, Jan"]
[Black "Rolvag, Mikael"]
[Result "0-1"]
[WhiteElo "1773"]
[BlackElo "2214"]
[WhiteFideId "1721682"]
[BlackFideId "1500481"]
[EventDate "2016.07.23"]

1. d4 Nf6 2. Bg5 e6 3. e3 h6 4. Bxf6 Qxf6 5. Nf3 d6 6. c4 g6 7. Nc3 Bg7 8. h3
Qe7 9. Be2 O-O 10. g4 c5 11. Qd2 Na6 12. Rd1 b6 13. Nh2 Bb7 14. Bf3 cxd4 15.
exd4 Rac8 16. Qe2 Nb4 17. Bxb7 Qxb7 18. O-O Nc6 19. Nf3 Na5 20. Nb5 Qe7 21. Na3
Rfd8 22. Rd2 Qf6 23. Kg2 Qe7 24. Rfd1 d5 25. cxd5 Rxd5 26. Rc2 Rcd8 27. Rdc1
Bxd4 28. Nxd4 Rxd4 29. Nb5 R4d7 30. Nc3 Nc6 31. Qe3 Nb4 32. Re2 Qh4 33. Qf3 Nd3
34. Rf1 e5 35. Ne4 Nf4+ 36. Kh2 Nxe2 37. Nf6+ Kg7 38. Nxd7 Nd4 39. Qd5 Qe7 40.
Qxe5+ Qxe5+ 41. Nxe5 Rd5 42. Nc4 Ne6 43. Kg3 b5 44. Ne3 Rd2 45. Rb1 Nc5 46. Kf3
Kf6 47. h4 Ne6 48. Nd1 Rd3+ 49. Ne3 Rd2 50. Nd1 h5 51. gxh5 gxh5 52. Nc3 Rd3+
53. Kg2 Nf4+ 54. Kf1 b4 55. Ne4+ Kf5 56. Nc5 Rh3 57. Kg1 Rxh4 58. Rd1 Rg4+ 59.
Kf1 h4 60. Nd3 h3 61. f3 Rg8 62. Nxf4 Kxf4 63. Rd4+ Kg3 64. Kg1 Rc8 65. Rd1 Rc2 0-1

[Event "Xtracon Chess Open 2016"]
[Site "Helsingor DEN"]
[Date "2016.07.23"]
[Round "1.82"]
[White "Akdag, Dara"]
[Black "Rendlev, Niels Moller"]
[Result "1-0"]
[WhiteElo "2213"]
[BlackElo "1771"]
[WhiteFideId "1413406"]
[BlackFideId "1409042"]
[EventDate "2016.07.23"]

1. d4 d5 2. c4 e6 3. Nc3 f5 4. Nf3 c6 5. g3 Nf6 6. Bg2 Be7 7. O-O O-O 8. b3 Ne4
9. Qc2 Nd7 10. Bf4 Nxc3 11. Qxc3 Nf6 12. Rad1 Bd7 13. Ne5 Be8 14. b4 Ne4 15. Qb3
Bg5 16. Bxg5 Qxg5 17. f4 Qe7 18. a4 a6 19. Qb2 Bh5 20. Rc1 g5 21. Nd3 Qg7 22. b5
axb5 23. axb5 cxb5 24. cxb5 Ra4 25. Bxe4 fxe4 26. Nc5 Qxd4+ 27. Qxd4 Rxd4 28.
Nxe6 Rd2 29. Nxf8 Kxf8 30. Rc7 Bxe2 31. Ra1 Bxb5 32. Ra8+ Be8 33. Rcc8 1-0

[Event "Xtracon Chess Open 2016"]
[Site "Helsingor DEN"]
[Date "2016.07.23"]
[Round "1.83"]
[White "Andersen, Claus Nis"]
[Black "Hoyer, Jacob"]
[Result "0-1"]
[WhiteElo "1766"]
[BlackElo "2212"]
[WhiteFideId "1415735"]
[BlackFideId "1416316"]
[EventDate "2016.07.23"]

1. e4 c5 2. Nf3 d6 3. Bb5+ Bd7 4. Bxd7+ Qxd7 5. O-O Nc6 6. c3 e6 7. d4 d5 8.
exd5 Qxd5 9. dxc5 Qxd1 10. Rxd1 Bxc5 11. Bf4 Nf6 12. Nbd2 Nh5 13. Bg3 Nxg3 14.
hxg3 Rd8 15. Ne4 Be7 16. Rxd8+ Kxd8 17. Rd1+ Kc7 18. Kf1 h6 19. Ke2 f5 20. Ned2
Rd8 21. Nb3 Rxd1 22. Kxd1 Kd6 23. Ke2 e5 24. Nh4 Ke6 25. Nf3 g5 26. Nh2 g4 27.
Nf1 h5 28. Ne3 f4 29. gxf4 exf4 30. Nf1 Ne5 31. Nd4+ Kd5 32. b3 Bc5 33. Nd2 Bxd4
34. cxd4 Kxd4 35. f3 gxf3+ 36. gxf3 b5 37. Ne4 b4 0-1

[Event "Xtracon Chess Open 2016"]
[Site "Helsingor DEN"]
[Date "2016.07.23"]
[Round "1.84"]
[White "Solberg, Joachim"]
[Black "Fjellengen, Bard"]
[Result "1-0"]
[WhiteTitle "CM"]
[WhiteElo "2211"]
[BlackElo "1764"]
[WhiteFideId "1502930"]
[BlackFideId "1506676"]
[EventDate "2016.07.23"]

1. Nf3 d5 2. g3 Nc6 3. d4 Bf5 4. Bg2 Nf6 5. O-O e6 6. c3 Be7 7. Nbd2 O-O 8. Nh4
Bg6 9. Nxg6 hxg6 10. e4 dxe4 11. Nxe4 Nxe4 12. Bxe4 Qd7 13. Be3 Nd8 14. f4 c6
15. Qe2 b6 16. h4 Rc8 17. h5 gxh5 18. Qxh5 f5 19. Bc2 Qe8 20. Qxe8 Rxe8 21. Rad1
Rf8 22. Kg2 Rf6 23. Kf3 Nf7 24. c4 Nh6 25. Bb3 Ng4 26. Bg1 c5 27. Rfe1 Rc7 28.
d5 exd5 29. cxd5 Bd6 30. Re6 Kf7 31. Rde1 c4 32. Bc2 g6 33. Bd4 Rxe6 34. Rxe6
Bc5 35. Rc6 Rxc6 36. dxc6 Ke7 37. Bxc5+ bxc5 38. Ba4 Kd8 39. Bb5 Kc7 40. Bxc4
Nh6 41. Bd5 Kd6 42. Ke2 Ng4 43. b3 Nf6 44. Bf3 Ng8 45. c7 Kxc7 46. Bd5 Ne7 47.
Bf7 Kc6 48. Kd3 Kb5 49. a3 Kb6 50. Be8 a6 51. Kc4 a5 52. a4 Nc6 53. Bxg6 Nd4 54.
Bh5 Kc6 55. Bd1 Kd6 56. g4 fxg4 57. Bxg4 Nc6 58. Bf3 Nd4 59. Be4 Ne6 60. f5 Nd4
61. Bd3 Ke5 62. Bb1 Kf6 63. b4 1-0

[Event "Xtracon Chess Open 2016"]
[Site "Helsingor DEN"]
[Date "2016.07.23"]
[Round "1.85"]
[White "Sebastian, Andreas"]
[Black "Rosenkilde, Alexander"]
[Result "0-1"]
[WhiteElo "1754"]
[BlackElo "2211"]
[WhiteFideId "1529498"]
[BlackFideId "1408488"]
[EventDate "2016.07.23"]

1. e4 c5 2. Nc3 Nc6 3. f4 e6 4. Nf3 d5 5. Bb5 Ne7 6. exd5 exd5 7. Qe2 g6 8.
Bxc6+ bxc6 9. O-O Bg7 10. Re1 Bf6 11. d3 O-O 12. Qf2 c4 13. d4 Nf5 14. Ne2 Qb6
15. c3 Nd6 16. Ng3 a5 17. Rb1 a4 18. Ne5 Bh4 19. Qf3 Kg7 20. Re2 h5 21. h3 a3
22. b4 Re8 23. Be3 Bxg3 24. Qxg3 Bf5 25. Rc1 Ra7 26. Ree1 Rae7 27. Bf2 Qc7 28.
Qh4 f6 29. Nf3 Be4 30. Qg3 Nf5 31. Qh2 Bxf3 32. gxf3 Re2 33. Kf1 Qe7 34. Qg1 Qe6
35. Rb1 Nd6 36. Qg3 Nb5 37. Rbc1 Kf7 38. Qh4 Rxe1+ 39. Rxe1 Qf5 40. Rxe8 Kxe8
41. Be1 Kf7 42. Qg3 Qd3+ 43. Kg2 Nxc3 44. Bxc3 Qxc3 45. f5 Qb2+ 46. Qf2 c3 0-1

[Event "Xtracon Chess Open 2016"]
[Site "Helsingor DEN"]
[Date "2016.07.23"]
[Round "1.86"]
[White "Thogersen, Rasmus"]
[Black "Larsen, Hans Haagen"]
[Result "1-0"]
[WhiteElo "2205"]
[BlackElo "1752"]
[WhiteFideId "1431412"]
[BlackFideId "1409557"]
[EventDate "2016.07.23"]

1. d4 d6 2. e4 g6 3. Nc3 Bg7 4. Bg5 Nc6 5. Nge2 f6 6. Be3 e5 7. Qd2 f5 8. exf5
gxf5 9. Bg5 Nf6 10. dxe5 dxe5 11. Qxd8+ Nxd8 12. Bxf6 Bxf6 13. Nd5 O-O 14. Nxc7
Rb8 15. O-O-O Ne6 16. Nd5 Bg5+ 17. Kb1 b5 18. h4 Bd8 19. g3 Bb7 20. Bg2 b4 21.
f4 e4 22. Nxb4 Bb6 23. Nd5 Ba6 24. Nxb6 Rxb6 25. Nd4 Nc5 26. Bf1 Rfb8 27. Nb3
Nxb3 28. axb3 Bb7 29. Rd7 e3 30. Bc4+ Kh8 31. Re1 Re8 32. Rd3 e2 33. Rxe2 Be4
34. Bd5 Rb4 35. Rde3 Rd4 36. Bxe4 Rd1+ 37. Ka2 Rf8 38. Bd3 1-0

[Event "Xtracon Chess Open 2016"]
[Site "Helsingor DEN"]
[Date "2016.07.23"]
[Round "1.87"]
[White "Maselli, Daniel"]
[Black "Ramsdal, Jens Albert"]
[Result "0-1"]
[WhiteElo "1751"]
[BlackElo "2204"]
[WhiteFideId "2814140"]
[BlackFideId "1429221"]
[EventDate "2016.07.23"]

1. d4 Nf6 2. Nf3 g6 3. Bg5 Bg7 4. e3 O-O 5. Bd3 b6 6. O-O Bb7 7. Nbd2 c5 8. c3
Nc6 9. Qe2 Rc8 10. Bxf6 Bxf6 11. dxc5 bxc5 12. Ne4 Ne5 13. Nxf6+ exf6 14. Nxe5
fxe5 15. Bc4 Rc7 16. e4 Qa8 17. f3 a5 18. Rfd1 Bc6 19. Rd6 Rb7 20. Rad1 Qb8 21.
b3 a4 22. Qf2 Bb5 23. Qxc5 Rc8 24. Qxe5 Bxc4 25. bxc4 Rb2 26. Qd4 Rxa2 27. Rxd7
Qf4 28. c5 h5 29. c6 h4 30. Rd8+ Rxd8 31. Qxd8+ Kh7 32. c7 h3 33. Qh8+ Kxh8 34.
c8=Q+ Kg7 35. Qxh3 Qe3+ 36. Kh1 Rd2 37. Rg1 a3 38. Qc8 a2 39. Qa6 Qxg1+ 40. Kxg1
Rd1+ 41. Kf2 a1=Q 42. Qxa1 Rxa1 43. Kg3 Rc1 44. Kg4 Rxc3 45. e5 Rc2 46. Kg3 g5
47. Kh3 Kg6 0-1

[Event "Xtracon Chess Open 2016"]
[Site "Helsingor DEN"]
[Date "2016.07.23"]
[Round "1.88"]
[White "Rewitz, Poul"]
[Black "Nielsen, Leo"]
[Result "1-0"]
[WhiteTitle "FM"]
[WhiteElo "2202"]
[BlackElo "1749"]
[WhiteFideId "1401033"]
[BlackFideId "1426095"]
[EventDate "2016.07.23"]

1. g3 d5 2. Bg2 c6 3. f4 Bf5 4. Nf3 Nf6 5. O-O g6 6. d3 Bg7 7. c3 Nbd7 8. Na3
Qb6+ 9. Kh1 Ng4 10. Nc2 e5 11. Nh4 Be6 12. e3 d4 13. f5 gxf5 14. Nxf5 Bxf5 15.
Rxf5 Nxe3 16. Nxe3 dxe3 17. Qe2 f6 18. Bxe3 Qc7 19. Qh5+ Ke7 20. d4 Raf8 21.
dxe5 fxe5 22. Rd1 Rxf5 23. Qxf5 b6 24. Bh3 Rd8 25. Qe6+ Kf8 26. Rxd7 Rxd7 27.
Qxd7 Qxd7 28. Bxd7 c5 29. Kg2 Ke7 30. Bf5 h6 31. Kf3 Kd6 32. Ke4 a5 33. g4 b5
34. h4 a4 35. g5 hxg5 36. Bxg5 b4 37. c4 a3 38. bxa3 1-0

[Event "Xtracon Chess Open 2016"]
[Site "Helsingor DEN"]
[Date "2016.07.23"]
[Round "1.89"]
[White "Norevall, Ulf"]
[Black "Walton, Alan J"]
[Result "0-1"]
[BlackTitle "CM"]
[WhiteElo "1749"]
[BlackElo "2201"]
[WhiteFideId "1705555"]
[BlackFideId "409898"]
[EventDate "2016.07.23"]

1. d4 e6 2. c4 f5 3. g3 Nf6 4. Bg2 Be7 5. Nf3 d6 6. O-O O-O 7. Nc3 Ne4 8. Qc2
Nxc3 9. Qxc3 a5 10. Bd2 Bf6 11. Qc2 e5 12. dxe5 dxe5 13. Bc3 Nc6 14. Rad1 Qe7
15. b3 e4 16. Nd4 Ne5 17. Qb2 c6 18. Nc2 Ng6 19. Bxf6 Rxf6 20. Qd4 Be6 21. Rd2
Rff8 22. Rfd1 a4 23. Qd6 axb3 24. Qxe7 Nxe7 25. axb3 Kf7 26. f3 exf3 27. exf3
Ra2 28. Ne1 Rxd2 29. Rxd2 b5 30. Bf1 bxc4 31. Bxc4 Nd5 32. Kf2 Ke7 33. Nd3 Rb8
34. f4 Nc3 35. Nc5 Bd5 36. Bxd5 Nxd5 37. Rd3 Rb5 38. Na4 Nf6 39. h3 Ne4+ 40. Kg2
Ke6 41. Kf1 Rxb3 42. Rxb3 Nd2+ 43. Ke2 Nxb3 44. Kd3 Kd6 45. Nc3 Nc5+ 46. Ke3 Ne6
47. g4 g6 48. Ne2 Kd5 49. Kd3 Nc5+ 50. Ke3 Ne4 51. gxf5 gxf5 52. h4 c5 53. h5 h6
54. Kd3 c4+ 55. Ke3 Kc5 56. Nd4 Ng3 57. Ne6+ Kd6 58. Ng7 Kd5 0-1

[Event "Xtracon Chess Open 2016"]
[Site "Helsingor DEN"]
[Date "2016.07.23"]
[Round "1.90"]
[White "Thuesen, Mogens"]
[Black "Nielsen, Angelo"]
[Result "1-0"]
[WhiteElo "2200"]
[BlackElo "1747"]
[WhiteFideId "1400878"]
[BlackFideId "1442589"]
[EventDate "2016.07.23"]

1. d4 Nf6 2. Bg5 d6 3. Bxf6 exf6 4. e3 g6 5. Bd3 Bg7 6. Ne2 c5 7. O-O O-O 8. Nd2
Nc6 9. c3 b6 10. Qa4 Qc7 11. Rfc1 Bd7 12. Qa3 Ne7 13. b4 Rad8 14. c4 f5 15. Nf3
Bc6 16. Ne1 Rfe8 17. Rab1 Bd7 18. Nf3 h6 19. Nf4 Bc6 20. d5 Bd7 21. Qb3 g5 22.
Nh5 Bh8 23. Qc2 Be5 24. Nxe5 dxe5 25. Nf6+ Kg7 26. Nxe8+ Rxe8 27. Rd1 Qd6 28.
bxc5 Qxc5 29. a4 e4 30. Qc3+ f6 31. Bc2 Rc8 32. a5 Nxd5 33. Qd4 Be8 34. Qxd5
Qxc4 35. Bb3 Qxd5 36. Rxd5 Kg6 37. axb6 axb6 38. h3 b5 39. Rbd1 Rc3 40. Rd8 1-0

[Event "Xtracon Chess Open 2016"]
[Site "Helsingor DEN"]
[Date "2016.07.23"]
[Round "1.92"]
[White "Petersen, Peter Birk"]
[Black "Bennett, Owen"]
[Result "1-0"]
[WhiteElo "2197"]
[BlackElo "1741"]
[WhiteFideId "1401696"]
[BlackFideId "1802640"]
[EventDate "2016.07.23"]

1. e4 c5 2. Nf3 e6 3. d4 cxd4 4. Nxd4 Nf6 5. Nc3 Nc6 6. Ndb5 Bb4 7. a3 Bxc3+ 8.
Nxc3 d5 9. exd5 exd5 10. Bd3 O-O 11. O-O d4 12. Ne2 Bg4 13. Bf4 Qb6 14. Qd2 Rfe8
15. Rab1 Rad8 16. h3 Bh5 17. Ng3 Bg6 18. Rfd1 Ne4 19. Nxe4 Bxe4 20. Re1 Bxd3 21.
cxd3 h6 22. Re2 Qa5 23. Qxa5 Nxa5 24. Rbe1 Rxe2 25. Rxe2 Nc6 26. Kf1 f6 27. Ke1
Kf7 28. Kd1 Rc8 29. Rc2 h5 30. Rc4 a6 31. a4 Ke6 32. b4 b6 33. Bc1 g6 34. Bb2 b5
35. axb5 axb5 36. Rc5 Na7 37. Rxc8 Nxc8 38. Bxd4 f5 39. Bc5 Nd6 40. Bxd6 Kxd6
41. Kd2 Kd5 42. Ke3 g5 43. g3 Ke5 44. h4 gxh4 45. gxh4 Kd5 46. Kf4 Kd4 47. Kxf5
Kxd3 48. Kg5 1-0

[Event "Xtracon Chess Open 2016"]
[Site "Helsingor DEN"]
[Date "2016.07.23"]
[Round "1.93"]
[White "Andersen, Johnny"]
[Black "Hartung-Nielsen, Jens"]
[Result "0-1"]
[WhiteElo "1740"]
[BlackElo "2194"]
[WhiteFideId "1410610"]
[BlackFideId "1400690"]
[EventDate "2016.07.23"]

1. e4 c5 2. Nc3 g6 3. g3 Bg7 4. Bg2 Nc6 5. d3 e6 6. f4 Nge7 7. Nf3 d5 8. O-O O-O
9. Rb1 b6 10. Bd2 Bb7 11. h3 dxe4 12. dxe4 Nd4 13. Nxd4 Qxd4+ 14. Kh2 Rad8 15.
Be1 Ba6 16. Rf2 Qxd1 17. Rxd1 Bxc3 18. Rxd8 Bxe1 19. Rxf8+ Kxf8 20. Rf3 Bc4 21.
b3 Bb5 22. c4 Bc6 23. Rd3 Ke8 24. g4 Bf2 25. a3 Bd4 26. b4 Ba4 27. e5 h6 28. Kg3
g5 29. b5 gxf4+ 30. Kxf4 Ng6+ 31. Kg3 Nxe5 0-1

[Event "Xtracon Chess Open 2016"]
[Site "Helsingor DEN"]
[Date "2016.07.23"]
[Round "1.94"]
[White "Wilbrandt, Simon Pil"]
[Black "Werner, Jakob"]
[Result "1-0"]
[WhiteElo "2190"]
[BlackElo "1733"]
[WhiteFideId "1436988"]
[BlackFideId "1426850"]
[EventDate "2016.07.23"]

1. d4 d5 2. c4 c6 3. Nc3 Nf6 4. e3 Nbd7 5. Nf3 e6 6. Qc2 Be7 7. g4 h6 8. Rg1
dxc4 9. Bxc4 c5 10. g5 hxg5 11. Nxg5 Rh6 12. Bxe6 fxe6 13. Nxe6 Qb6 14. Nxg7+
Kd8 15. e4 Rxh2 16. Na4 Qd6 17. Bf4 cxd4 18. Bxd6 Bxd6 19. O-O-O Ne5 20. Rxd4
Bd7 21. Rxd6 Rc8 22. Nc3 Ke7 23. Rxd7+ 1-0

[Event "Xtracon Chess Open 2016"]
[Site "Helsingor DEN"]
[Date "2016.07.23"]
[Round "1.95"]
[White "Petersen, Rasmus"]
[Black "Johansen, Oivind"]
[Result "0-1"]
[BlackTitle "FM"]
[WhiteElo "1730"]
[BlackElo "2180"]
[WhiteFideId "1448250"]
[BlackFideId "1501119"]
[EventDate "2016.07.23"]

1. d4 Nf6 2. Nf3 g6 3. g3 c5 4. Bg2 Bg7 5. O-O O-O 6. c4 d6 7. Nc3 cxd4 8. Nxd4
a6 9. b3 e6 10. Bb2 Qc7 11. Qd2 Rd8 12. Rfd1 Nbd7 13. Rac1 Ne5 14. Nf3 Nc6 15.
Ba3 Bf8 16. Bb2 Ne8 17. Ne4 Qe7 18. Nd4 e5 19. Nxc6 bxc6 20. Nc3 Bb7 21. Ba3 Qe6
22. Qe3 a5 23. Rc2 f5 24. Qb6 Qc8 25. Qe3 Nf6 26. Bb2 Ng4 27. Qd2 Bh6 28. Qe1
Qc7 29. h3 Nf6 30. e3 Bf8 31. Rcd2 Nd7 32. Na4 e4 33. Qe2 Ba6 34. Qe1 Be7 35.
Bf1 Bb7 36. Be2 Nf8 37. Qf1 Ne6 38. h4 Rd7 39. Qh3 Rf8 40. h5 g5 41. Qg2 Bf6 42.
Ba3 Be5 43. Bb2 Bxb2 44. Rxb2 Rf6 45. Rbd2 Kf8 46. g4 f4 47. Qxe4 c5 48. Qd3
fxe3 49. fxe3 d5 50. Bf1 d4 51. Bg2 Bxg2 52. Rxg2 Rf3 53. Rf1 Rdf7 54. Rxf3 Rxf3
55. Qe4 Qf7 56. exd4 Nxd4 57. Nxc5 Rf1+ 58. Kh2 Qc7+ 59. Rg3 Qxc5 60. Qa8+ Kg7
61. Qb7+ Kh6 62. Qa6+ Nc6 63. Re3 Rf6 0-1

[Event "Xtracon Chess Open 2016"]
[Site "Helsingor DEN"]
[Date "2016.07.23"]
[Round "1.96"]
[White "Ivarsson, Torbjorn"]
[Black "Andberg, Tor Arne Heim"]
[Result "1/2-1/2"]
[WhiteElo "2180"]
[BlackElo "1727"]
[WhiteFideId "1705865"]
[BlackFideId "1528378"]
[EventDate "2016.07.23"]

1. e4 c5 2. Nf3 d6 3. Bb5+ Bd7 4. Bxd7+ Qxd7 5. O-O Nc6 6. d4 cxd4 7. Nxd4 g6 8.
Nc3 Bg7 9. Be3 Nf6 10. h3 O-O 11. Nxc6 bxc6 12. Qd2 Rfe8 13. Rad1 Qc7 14. Bd4 c5
15. Bxf6 Bxf6 16. Nd5 Qc6 17. Nxf6+ exf6 18. f3 Rad8 19. Qd5 Qb6 20. Qb3 Qxb3
21. axb3 Re5 22. Rd2 d5 23. Rfd1 d4 24. c3 Rb8 25. cxd4 cxd4 26. Ra1 Rxb3 27.
Rxa7 f5 28. exf5 Rxf5 29. Ra4 Rfb5 30. Ra2 h5 31. Kf2 Kg7 32. Kg3 Kf6 33. Kf4
R5b4 34. h4 Rb5 35. Ra6+ Kg7 36. Ra2 Kf6 37. Rc2 R5b4 38. Kg3 Kg7 39. Ra7 d3 40.
Rd2 Rxb2 41. Rxd3 Rb7 42. Rxb7 Rxb7 43. Rd4 Rb2 44. Kh3 Rb3 45. Rf4 Rb5 46. g4
hxg4+ 47. Kxg4 Ra5 48. Rb4 Rc5 49. Rb8 Ra5 50. Re8 Rb5 51. Re1 Ra5 52. Kf4 Rf5+
53. Kg4 Ra5 54. Rf1 Ra3 55. h5 gxh5+ 56. Kxh5 Ra5+ 57. Kg4 Kg6 58. Rb1 Ra6 59.
Rb5 f6 60. Rb4 Ra5 61. f4 Rc5 62. Rb8 Ra5 63. Rg8+ Kf7 64. Rh8 Kg7 65. Rh5 Rxh5
66. Kxh5 f5 67. Kg5 Kg8 68. Kxf5 Kf7 69. Kg5 Kg7 70. Kh5 Kf7 71. f5 Kf6 72. Kg4
Kf7 73. Kf3 Kf6 74. Kf4 Kf7 75. Kg5 Kg7 76. f6+ Kf7 77. Kf5 Kf8 78. Ke4 Kf7 79.
Kf5 Kf8 80. Kg6 Kg8 81. Kh6 Kf7 82. Kg5 Kf8 83. Kg6 Kg8 1/2-1/2

[Event "Xtracon Chess Open 2016"]
[Site "Helsingor DEN"]
[Date "2016.07.23"]
[Round "1.97"]
[White "Nielsen, Jorgen Kamp"]
[Black "Eriksson, Christian"]
[Result "0-1"]
[WhiteElo "1727"]
[BlackElo "2176"]
[WhiteFideId "1413279"]
[BlackFideId "1412159"]
[EventDate "2016.07.23"]

1. d4 Nf6 2. Nf3 e6 3. e3 b6 4. Bd3 Bb7 5. Nbd2 c5 6. c3 Nc6 7. O-O Be7 8. Re1
cxd4 9. cxd4 d5 10. a3 O-O 11. b4 g6 12. Bb2 a6 13. Rc1 Qd7 14. e4 dxe4 15. Nxe4
Nd5 16. Bc4 Rfe8 17. Qd2 Qd8 18. Qh6 Bf8 19. Qh3 Be7 20. Qh6 f6 21. Qd2 Bf8 22.
Nc3 Qd7 23. Nxd5 exd5 24. Ba2 Kg7 25. Qf4 Bd6 26. Qh4 Ne7 27. Bb1 Bc8 28. Rc3
Nf5 29. Bxf5 Rxe1+ 30. Nxe1 Qxf5 31. Rh3 h5 32. Nd3 Qe4 0-1

[Event "Xtracon Chess Open 2016"]
[Site "Helsingor DEN"]
[Date "2016.07.23"]
[Round "1.98"]
[White "Andersen, Morten"]
[Black "Mansoor, Afras"]
[Result "1-0"]
[WhiteElo "2173"]
[BlackElo "1719"]
[WhiteFideId "1504908"]
[BlackFideId "1522108"]
[EventDate "2016.07.23"]

1. c4 c5 2. g3 g6 3. Bg2 Bg7 4. Nc3 Nc6 5. Nf3 d6 6. O-O Bf5 7. a3 Qc8 8. b4 Bh3
9. Bb2 Bxg2 10. Kxg2 e5 11. Ne4 Qc7 12. bxc5 dxc5 13. Nxc5 Nge7 14. Rb1 b6 15.
Ne4 O-O 16. d3 Rad8 17. Qa4 h6 18. Rfc1 f5 19. Ned2 Qb7 20. c5 Nd4 21. Bxd4 exd4
22. c6 Qc7 23. Nb3 Rd6 24. Nbxd4 Bxd4 25. Nxd4 Qc8 26. Kg1 Rff6 27. c7 Rd7 28.
Qc4+ Kh7 29. Nb5 Nd5 30. e4 fxe4 31. dxe4 Nxc7 32. Qxc7 Qe8 33. Qxd7+ Qxd7 34.
Rc7 Qxc7 35. Nxc7 Rc6 36. Nd5 Kg7 37. Rb3 Re6 38. f3 Rc6 39. Rc3 1-0

[Event "Xtracon Chess Open 2016"]
[Site "Helsingor DEN"]
[Date "2016.07.23"]
[Round "1.99"]
[White "Jarve, Edvin"]
[Black "Goldie, Thomas"]
[Result "0-1"]
[WhiteElo "1716"]
[BlackElo "2171"]
[WhiteFideId "1519824"]
[BlackFideId "2054485"]
[EventDate "2016.07.23"]

1. d4 Nf6 2. c4 g6 3. Nc3 Bg7 4. e4 d6 5. f3 O-O 6. Be3 Nc6 7. Nge2 a6 8. Qd2
Bd7 9. g4 b5 10. h4 h5 11. gxh5 Nxh5 12. Rg1 e5 13. Bg5 Qe8 14. cxb5 Nxd4 15.
Nxd4 exd4 16. Nd5 Qe5 17. Nxc7 Rac8 18. b6 Kh7 19. Be2 f6 20. Bxa6 Rb8 21. Qb4
fxg5 22. Rxg5 Qf4 23. Ra5 Qxf3 24. Kd2 Bh6+ 25. Kc2 Qxe4+ 26. Kb3 Rf3+ 0-1

[Event "Xtracon Chess Open 2016"]
[Site "Helsingor DEN"]
[Date "2016.07.23"]
[Round "1.100"]
[White "Christiansen, Jens Jorgen"]
[Black "Larsen, Mette Dalsgaard"]
[Result "1-0"]
[WhiteElo "2170"]
[BlackElo "1715"]
[WhiteFideId "1401670"]
[BlackFideId "1430718"]
[EventDate "2016.07.23"]

1. d4 d5 2. Nf3 Nf6 3. c4 e6 4. g3 b6 5. cxd5 exd5 6. Bg2 Bb7 7. O-O c5 8. Nc3
c4 9. Ne5 a6 10. Nxc4 Be7 11. Ne3 O-O 12. a3 Re8 13. Qb3 Nc6 14. Rd1 Na5 15. Qa2
Rc8 16. Bd2 Nc4 17. Nxc4 Rxc4 18. Bf4 b5 19. Rac1 Nh5 20. Be3 Bg5 21. Bxg5 Qxg5
22. e3 Nf6 23. a4 b4 24. Nxd5 Bxd5 25. Bxd5 Rxc1 26. Bxf7+ Kf8 27. Rxc1 Rxe3 28.
Rc8+ Ke7 29. fxe3 Qxe3+ 30. Kf1 Qf3+ 31. Ke1 Qe3+ 32. Kd1 Qxd4+ 33. Kc1 Qg1+ 34.
Kc2 Qg2+ 35. Kb1 Qe4+ 36. Ka1 Qh1+ 37. Qb1 Qxh2 38. Rc7+ Kd6 39. Qc1 Qf2 40.
Qc6+ 1-0

[Event "Xtracon Chess Open 2016"]
[Site "Helsingor DEN"]
[Date "2016.07.23"]
[Round "1.101"]
[White "Brokso, Kim"]
[Black "Christensen, Lasse"]
[Result "1/2-1/2"]
[WhiteElo "1713"]
[BlackElo "2162"]
[WhiteFideId "1441477"]
[BlackFideId "1402056"]
[EventDate "2016.07.23"]

1. e4 c5 2. Nf3 d6 3. h3 Nc6 4. Bc4 e6 5. a3 Nf6 6. d3 Be7 7. O-O O-O 8. c3 a6
9. b4 b6 10. Bg5 h6 11. Bh4 Bb7 12. Nbd2 Rc8 13. b5 axb5 14. Bxb5 Na7 15. Ba4 b5
16. Rb1 Ba6 17. c4 bxa4 18. Qxa4 Rc6 19. d4 cxd4 20. Nxd4 Rb6 21. f3 d5 22. Bf2
Bc5 23. Rxb6 Qxb6 24. Rb1 Qd6 25. cxd5 exd5 26. exd5 Qxd5 27. N2b3 Bxd4 28. Nxd4
Bd3 29. Rd1 Bc4 30. Qxa7 Ra8 31. Qc7 Rxa3 32. Qc8+ Kh7 33. Qf5+ Qxf5 34. Nxf5
Nd5 35. Nd6 Bb3 36. Rd3 Nf4 37. Re3 Ra1+ 38. Kh2 Be6 39. Bg3 Nd5 40. Re1 Ra2 41.
Ne4 Rc2 42. Be5 f6 43. Bg3 Bd7 44. f4 f5 45. Nd6 Bc6 46. Nxf5 Nxf4 47. Ne3 Re2
48. Rxe2 Nxe2 49. Be5 h5 50. g4 hxg4 51. Nxg4 g5 52. Bf6 Kg6 53. Ne5+ Kxf6 54.
Nxc6 Nf4 55. Nd4 Nxh3 56. Kxh3 g4+ 57. Kxg4 1/2-1/2

[Event "Xtracon Chess Open 2016"]
[Site "Helsingor DEN"]
[Date "2016.07.23"]
[Round "1.102"]
[White "Skjoldager, Per"]
[Black "Bennett, Rhys"]
[Result "1-0"]
[WhiteElo "2160"]
[BlackElo "1711"]
[WhiteFideId "1408828"]
[BlackFideId "1802631"]
[EventDate "2016.07.23"]

1. e4 e5 2. Nf3 Nc6 3. Bc4 Nf6 4. d3 Be7 5. c3 d6 6. Bb3 O-O 7. Nbd2 Na5 8. Bc2
c5 9. Nf1 Nc6 10. Ng3 d5 11. exd5 Nxd5 12. O-O f5 13. Re1 Bf6 14. Nh5 Kh8 15.
Nxf6 gxf6 16. Nh4 f4 17. Qh5 Qe8 18. Qxe8 Rxe8 19. Nf3 Bg4 20. Nd2 Bf5 21. Ne4
Bxe4 22. dxe4 Nc7 23. g3 fxg3 24. hxg3 Kg7 25. Be3 c4 26. Rad1 Rad8 27. Kg2 Ne6
28. Ba4 Rxd1 29. Rxd1 Re7 30. Bb5 a6 31. Bxc4 b5 32. Bb3 Na5 33. Bc2 Nc4 34. Bc1
Na5 35. Rd6 Nc7 36. b3 Nb7 37. Rd1 Ne6 38. Bb2 Rc7 39. Bb1 Ng5 40. f4 exf4 41.
gxf4 Ne6 42. Kf3 Kf7 43. Rh1 Nf8 44. Rh5 Nd8 45. Bd3 Nde6 46. c4 Nc5 47. Be2 Kg6
48. Rd5 bxc4 49. Bxc4 Ncd7 50. Rd6 a5 51. e5 a4 52. exf6 axb3 53. axb3 h5 54.
f7+ 1-0